000 00922nas a2200313 4500
001 BR2013000075
003 BR-BrBNA
005 20231205121740.0
007 ta
008 230509b bl.|||p| |||| 00| 00por d
040 _aBR-BrBNA
_bpor
_cBiblioteca Nacional de Agricultura
041 _a(En)
072 _aH20
100 1 _aPacheco, C. de A.
100 1 _aMartelli, J.B.
100 1 _aPolydoro, D.A.
100 1 _aSchinor, E.H.
100 1 _aPio, R.M.
100 1 _aKupper, K.C.
100 1 _aAzevedo, F.A. de
245 1 _aResistance and susceptibility of mandarins and their hybrids to Alternaria alternata
650 _aTANGERINA
650 _aHÍBRIDO
650 _aALTERNARIOSE
650 _aVARIEDADE RESISTENTE
773 0 _tScientia Agricola (Brazil)
_xISSN 0103-9016
_g(Nov-Dec 2012), v. 69(6) p. 386-392
_wBR2013000075
909 _a202311
_bLúcia
_c55
_dLúcia Elande
942 _2AGRIS
_n0
_cANA
999 _c225044
_d225044